| 000 | 01267cam a22003737a 4500 | ||
|---|---|---|---|
| 003 | CHAP | ||
| 005 | 20220329141911.0 | ||
| 008 | 980508d1996 sp a r 00110 spa d | ||
| 010 | _a75478 | ||
| 011 | _a76450 | ||
| 020 | _a84-7114-665-7 | ||
| 020 | _a8449102936 | ||
| 035 | _a86035 | ||
| 040 | _cCHAP | ||
| 082 | 0 | 4 | _a674.1 V5 |
| 100 | 0 | 0 |
_aVignote Peña, Santiago. _9119322 |
| 245 | 1 | 0 |
_aTecnología de la madera _c/por Santiago Vignote Peña y Francisco Javier Jiménez Peris |
| 260 |
_aMadrid : _bMinisterio de Agricultura, Pesca y Alimentación, _c1996. |
||
| 300 |
_a606 p. : _bilus. |
||
| 590 |
_aBATCH-UPD _b10 _c20130110 _lUCH01 _h1609 |
||
| 590 |
_aBATCH-UPD _b10 _c20130410 _lUCH01 _h1005 |
||
| 590 |
_aBATCH-UPD _b10 _c20130914 _lUCH01 _h1705 |
||
| 590 |
_aCONVERSION _b10 _c20130109 _lUCH01 _h1341 |
||
| 650 | 1 | 4 |
_aMadera _xEstructura. _969607 |
| 650 | 1 | 4 |
_aMadera _xNormas de calidad. _969614 |
| 650 | 1 | 4 |
_aMadera _xPropiedades y usos. _969621 |
| 650 | 1 | 4 |
_aMadera _xTecnología. _969629 |
| 650 | 1 | 4 |
_aMaquinaria forestal. _971212 |
| 700 | 0 |
_aJiménez Peris, Francisco Javier. _961625 |
|
| 901 | _aBK | ||
| 905 | _aAlejandra Carrasco M. | ||
| 942 | _cLIBRO | ||
| 949 |
_a674.1 V5 _bBC _cLIBRO _d33724000596342 _eLIBRO _gI.191454 _h93257 _i86035 _si _t$426.00 |
||
| 999 |
_c75478 _d75478 |
||